Paroles Roberta Cali - Statistiques

Statistiques générales
  • Ce quiz a été pris 4 fois
  • Le résultat moyen est 373 sur 450
Statistiques - réponses
Réponse % Correct
A
100%
à
100%
a
100%
aimé
100%
Alors
100%
ans
100%
au
100%
bien
100%
c'est
100%
coeur
100%
crois
100%
dans
100%
Dans
100%
Danse
100%
de
100%
d'eau
100%
des
100%
deux
100%
du
100%
elle
100%
Elle
100%
en
100%
enfants
100%
est
100%
et
100%
Et
100%
être
100%
fait
100%
femme
100%
fil
100%
Il
100%
il
100%
J'ai
100%
Je
100%
je
100%
j'y
100%
la
100%
le
100%
les
100%
lui,
100%
lui
100%
ma
100%
Ma
100%
Mais
100%
me
100%
menue
100%
mes
100%
moi
100%
mon
100%
n'a
100%
n'aime
100%
ne
100%
parents
100%
Parfois
100%
pas
100%
pense
100%
petit
100%
petite
100%
plus
100%
pour
100%
pourraient
100%
Quand
100%
quand
100%
que
100%
quel
100%
Qui
100%
qui
100%
robe
100%
Roberta
100%
sa
100%
ses
100%
son
100%
sont
100%
sur
100%
Sur
100%
temps
100%
terne
100%
toujours
100%
tous
100%
tout
100%
toute
100%
trois
100%
un
100%
Un
100%
une
100%
vie
100%
y
100%
82
67%
allées
67%
arrive
67%
avec
67%
berne
67%
brille
67%
ca
67%
cheminée
67%
chevilles
67%
cimetière
67%
cocu
67%
comme
67%
croix
67%
cuisinier
67%
curé
67%
danser
67%
dit
67%
était
67%
faire
67%
fête
67%
fort
67%
hommes
67%
ils
67%
jamais
67%
Jésus
67%
jusqu'aux
67%
laid
67%
lobe
67%
mari
67%
m'écroule
67%
mémoire
67%
morfonds
67%
mort
67%
noisettes
67%
noms
67%
non
67%
Non
67%
nous
67%
nulle
67%
odeur
67%
Oui
67%
peu
67%
photo
67%
pierres
67%
pleure
67%
prend
67%
promenons
67%
Puis
67%
puis
67%
qu'elle
67%
qu'ils
67%
rend
67%
rougir
67%
sais
67%
salopard
67%
slammer
67%
soldat
67%
soldats
67%
sourire
67%
sourires
67%
sous
67%
suite
67%
tellement
67%
timide
67%
trébuche
67%
trône
67%
vide
67%
vu
67%
yeux
67%
accrochée
33%
âgés
33%
amis
33%
après-midi
33%
aura
33%
bénite
33%
bon
33%
bout
33%
bras
33%
brûle
33%
cascade
33%
celle
33%
connais
33%
dents
33%
depuis
33%
dernier
33%
d'être
33%
dimanche
33%
cheveux
33%
entre
33%
eu
33%
genoux
33%
gourde
33%
grands
33%
joue
33%
joues
33%
laids
33%
l'avait
33%
lèvres
33%
Lourdes
33%
mains
33%
m'emmerdent
33%
merde
33%
mis
33%
mômes
33%
oreille
33%
pain
33%
pendue
33%
pose
33%
quelques
33%
qu'entre
33%
raisonnable
33%
ramenée
33%
rigole
33%
sans
33%
s'étire
33%
tendues
33%
tête
33%
torchon
33%
cesse
0%
chaque
0%
coton
0%
draps
0%
fois
0%
m'attend
0%
pluvieux
0%
rêves
0%
sangsue
0%
sentent
0%
siècles
0%
Aucun quiz correspondant
Distribution des résultats
% des personnes avec chaque résultat
Percentile par nombre de réponses
Votre historique - résultats
Vous n’avez pas pris ce quiz